000
00310nam a2200133Ia 4500
008
231129s1970||||xx |||||||||||||| ||spa||
040
_b
spa
082
_a
190 F379f
100
_a
Ferrater Mora José
245
0
_a
La filosofía actual
260
_c
1970
264
_a
Alianza Editorial
942
_2
ddc
_c
BKS
999
_c
17132
_d
17132